Modelos de coparticipación del usuario en la financiación de la sanidad pública : actas de las jornadas organizadas por la Fundación de Ciencias de la Salud y celebradas el 27 de octubre de 1994 /
Salvato in:
| Altri autori: | |
|---|---|
| Natura: | Elettronico eBook |
| Lingua: | spagnolo |
| Pubblicazione: |
Madrid :
Fundación de Ciencias de la Salud ; Aranjuez (Madrid) : Ediciones Doce Calles,
[1995]
|
| Serie: | Colección Debates de la Fundación de Ciencias de la Salud. Serie Política Sanitaria.
|
| Soggetti: | |
| Accesso online: | Digitalia Hispánica |
| Tags: |
Aggiungi Tag
Nessun Tag, puoi essere il primo ad aggiungerne!!
|
MARC
| LEADER | 00000nam a2200000Ii 4500 | ||
|---|---|---|---|
| 001 | DIGDOCEC0319 | ||
| 003 | NyNyDIG | ||
| 006 | m o d | ||
| 007 | cr ||||||||||| | ||
| 008 | 251104s1995 sp o 100 0 spa d | ||
| 035 | |a (OCoLC)1548424753 | ||
| 040 | |a DGITA |b eng |e rda |e pn |c DGITA | ||
| 020 | |z 9788487111518 | ||
| 043 | |a e-sp--- | ||
| 050 | 1 | 4 | |a HD7205 ebook |
| 245 | 0 | 0 | |a Modelos de coparticipación del usuario en la financiación de la sanidad pública : |b actas de las jornadas organizadas por la Fundación de Ciencias de la Salud y celebradas el 27 de octubre de 1994 / |c prólogo, Carlos Hernández Gil. |
| 264 | 1 | |a Madrid : |b Fundación de Ciencias de la Salud ; Aranjuez (Madrid) : |b Ediciones Doce Calles, |c [1995] | |
| 300 | |a 1 online resource. | ||
| 336 | |a text |b txt |2 rdacontent | ||
| 337 | |a computer |b c |2 rdamedia | ||
| 338 | |a online resource |b cr |2 rdacarrier | ||
| 347 | |a text file |2 rdaft | ||
| 347 | |b PDF | ||
| 490 | 1 | |a Colección: Debates de la Fundación de Ciencias de la Salud. Serie: Política sanitaria | |
| 588 | 0 | |a Online resource; title from PDF title page (Digitalia, viewed November 4, 2025) | |
| 650 | 0 | |a Social security |z Spain |v Congresses. | |
| 700 | 1 | |a Hernández Gil, Carlos, |e contributor agent of text. | |
| 791 | 2 | |a Digitalia (Firm), |e distributor. | |
| 793 | 0 | |g Digitalia eBook Collection: |a Ediciones Doce Calles | |
| 776 | 0 | 8 | |i Print version: |t Modelos de coparticipación del usuario en la financiación de la sanidad pública. |d Madrid : Fundación de Ciencias de la Salud ; Aranjuez (Madrid) : Ediciones Doce Calles, [1995] |z 9788487111518 |
| 830 | 0 | |a Colección Debates de la Fundación de Ciencias de la Salud. |p Serie Política Sanitaria. | |
| 856 | 4 | 0 | |3 Digitalia Hispánica |u https://digitalia.unach.elogim.com/a/180914/ |
| 910 | |a Premium collection: 2025 | ||